000 00646nam a2200229Ia 4500
003 OSt
005 20220923212115.0
006 a|||||r|||| 00| 0
007 ta
008 220922b |||||||| |||| 00| 0 hin d
024 _a150,751
037 _cTextual
040 _aARTS
_cARTS
_bhin
041 _2hin
_ahin
082 _aLA, 152J5
100 _aमिश्र, कमला प्रसाद
245 0 _aआयुर्वेद विज्ञान
246 _aĀyurved vijnyāna
260 _c1955
942 _hLA, 152J5
_cTEXL
_2CC
999 _c306431
_d306431